[SCP] Groups of Interest - Statistics

General Stats
  • This quiz has been taken 183 times
  • The average score is 16 of 43
Answer Stats
Hint Answer % Correct
The UN’s anomalous unit, intended to protect humanity and destroy the anomalous Global Occult Coalition
90%
Splinter Group of the Foundation made from members of MTF Alpha-1 Chaos Insurgency
86%
Organisation based in the Wanderer’s Library (Nx-01), focused on the publicising of the anomalous. Serpent’s Hand
70%
Religious organisation based around the deity “Mekhane” Church of the Broken God
68%
Anomalous toy producer Doctor Wondertainment
62%
A group of anartists who make anomalous art Are We Cool Yet?
60%
Robotics group based in the Northwest Pacific Anderson Robotics
56%
The Federal Bureau of Investigation’s anomalous branch, usually neglected as weak and ineffectual Unusual Incidents Unit
56%
USSR’s anomalous unit, supposedly dissolved post USSR collapse GRU Division P
49%
A group of individuals who create anomalous items for fun. Splinter cell of a previous group Gamers Against Weed
48%
A group of cults that worship a deity known as “Yaldabeth” Sarkic Cults
44%
Creator of anomalous artifacts and a 001 proposal in itself The Factory
42%
Reclusive church with the number 5 being highly religious to them The Fifth Church
41%
Group that sells anomalies for profit Marshall, Carted and Dark Ltd.
40%
Restaurants with anomalous food and culinary practices Ambrose Restaurants
38%
Mysterious group, only one member appears at any given time Nobody
37%
An organisation located in a parallel universe focused on hand to hand combat to neutralise selachian entities Shark Punching Center
37%
Publicly funded anomalous wildlife service Wilson’s Wildlife Solutions
37%
Arts and sciences college based in Three Portlands Deer College
34%
Group that distributed anomalies to help others (not always successfully) Manna Charitable Foundation
34%
Anomalous circus with anomalies as actors Herman Fuller’s Circus of the Disquieting
32%
Mysterious group consisting of many iterations of one person The Black Queen
32%
Combination of the three Abrahamic religions, dedicated to capture of religious artefacts Horizon Initiative
31%
Online forum of conspiracy theorists researching the anomalous Parawatch
31%
Now bankrupted company that developed advanced anomalous technology Prometheus Labs, Inc.
31%
Former civilisation highly as detailed in SCP-140 The Daevites
30%
Anomalous video game company Arcadia
29%
Series of groups associated with Tufto’s 001 Proposal Children of the Scarlet King
28%
Extradimensional human protection force lead by JALAKÅRA in Corbenic which is absurdly powerful and technologically advanced Three Moons Initiative
28%
Anomalous criminal organisation in the USA and Three Portlands The Chicago Spirit
26%
A group of extradimensional journalists and archivists seeking to uncover the secrets of the multiverse The Wandsmen
26%
Organisation of humans and aliens that believe the SCP universe is the second of its kind and must be protected against extra universal beings. Church of the Second Hytoth
25%
Believed to be a collective consciousness of dreaming people and entities Oneiroi Collective
25%
Imperial Japan’s anomalous organisation, attempted to weaponise the anomalous IJAMEA
22%
Iranian backed group to reclaim anomalous artefacts related to the Muslim faith Office For The Reclamation of Islamic Artifacts
21%
Anomalous military force for hire against inter dimensional threats Valravn Corporation
21%
Media company that aims to use the anomalous to create media Vikander-Kneed Technical Media
20%
University from an alternate universe Alexyva University
18%
Multidimensional corporation attempting to spread its business to the SCP universe Greazeburger Incorporated
17%
Consumer electronics and software corporation that produces anomalous and dangerous items TotleighSoft
17%
Group integrated into the Foundation, founded by the EIC to facilitate transfer of the anomalous Commission on Unusual Cargo
14%
Anomalous insurance provider Goldbaker-Reinz Ltd.
14%
One of the largest anomalous medical and academic institutions Medician Academy of Occult Art
10%
No matching quizzes found
Score Distribution
Percent of People with Each Score
Percentile by Number Answered
Your Score History
You have not taken this quiz